La Revolución Puertorriqueña de 1868: (Record no. 14468)

MARC details
000 -LEADER
campo de control de longitud fija 01711camaa2200385Mu 4500
001 - NÚMERO DE CONTROL
campo de control 80850
005 - FECHA Y HORA DE LA ÚLTIMA TRANSACCIÓN
campo de control 20230410101816.0
008 - DATOS DE LONGITUD FIJA--INFORMACIÓN GENERAL
campo de control de longitud fija 031223s2003 pr a b 000 0 spa d
010 ## - NÚMERO DE CONTROL DE LA BIBLIOTECA DEL CONGRESO
Número de control de LC 2004437906
035 ## - NÚMERO DE CONTROL DEL SISTEMA
Número de control de sistema (OCoLC)ocn433389069
040 ## - FUENTE DE CATALOGACIÓN
Centro catalogador/agencia de origen BNM
Normas de descripción rdc
Lengua de catalogación spa
Centro/agencia transcriptor BNM
016 7# - NÚMERO DE CONTROL DE UNA AGENCIA BIBLIOGRÁFICA NACIONAL
Número de control del registro bimoBNE20031097300
Fuente SpMaBN
020 ## - NÚMERO INTERNACIONAL ESTÁNDAR DEL LIBRO
Número Internacional Estándar del Libro 01545009003
020 ## - NÚMERO INTERNACIONAL ESTÁNDAR DEL LIBRO
Número Internacional Estándar del Libro 9771545009001
035 ## - NÚMERO DE CONTROL DEL SISTEMA
Número de control de sistema (OCoLC)433389069
043 ## - CÓDIGO DE ÁREA GEOGRÁFICA
Código de área geográfica nwpr---
082 00 - NÚMERO DE LA CLASIFICACIÓN DECIMAL DEWEY
Número de clasificación 94(729.5)"1868"
050 14 - SIGNATURA TOPOGRÁFICA DE LA BIBLIOTECA DEL CONGRESO
Número de clasificación 117 F 1973
Número de ítem M896r 2003
100 1# - ENTRADA PRINCIPAL--NOMBRE DE PERSONA
Nombre de persona Moscoso, Francisco
Fechas asociadas al nombre 1949-
245 13 - MENCIÓN DEL TÍTULO
Título La Revolución Puertorriqueña de 1868:
Resto del título el Grito de Lares /
Mención de responsabilidad, etc. Francisco Moscoso.
246 30 - FORMA VARIANTE DEL TITULO
Título propio/Titulo breve Grito de Lares.
260 ## - PUBLICACIÓN, DISTRIBUCIÓN, ETC.
Lugar de publicación, distribución, etc. San Juan, Puerto Rico:
Nombre del editor, distribuidor, etc. Instituto de Cultura Puertorriqueña / Oficina de Revistas,
Fecha de publicación, distribución, etc. 2003
300 ## - DESCRIPCIÓN FÍSICA
Extensión 78 p.:
Otras características físicas ili., some col. ;
Dimensiones 21 cm.
440 #0 - MENCIÓN DE SERIE/PUNTO DE ACCESO ADICIONAL--TÍTULO
Título Cuadernos de Cultura;
Designación de volumen o secuencia no. 11
500 ## - NOTA GENERAL
Nota general Title from cover
504 ## - NOTA DE BIBLIOGRAFÍA, ETC.
Nota de bibliografía, etc. Includes bibliographical references (p. 76-78)
505 0# - NOTA DE CONTENIDO CON FORMATO
Nota de contenido con formato Grito de libertad--- Trasfondo histórico--- El fermento revolucionario de 1809-1812--- Luchas políticas y sociales--- La cultura puertorriqueña--- La antesala informativa de 1866-1867--- El debate político--- Dialéctica del destierro--- La organización y principios de la revolución--- Las juntas y la agitación revolucionaria--- La precipitación en Camuy--- El Grito de Lares--- La batalla del Pepino--- La revolución derrotada.
651 #7 - PUNTO DE ACCESO ADICIONAL DE MATERIA--NOMBRE GEOGRÁFICO
Nombre geográfico Puerto Rico
Subdivisión general Historia
Subdivisión cronológica 1868 (Insurreccion)
Fuente del encabezamiento o término embne
651 #0 - PUNTO DE ACCESO ADICIONAL DE MATERIA--NOMBRE GEOGRÁFICO
Nombre geográfico Puerto Rico
Subdivisión general History
Subdivisión cronológica Insurrection, 1868.
710 2# - ENTRADA AGREGADA--NOMBRE DE ENTIDAD CORPORATIVA
Nombre de entidad corporativa o nombre de jurisdicción como elemento de entrada Instituto de Cultura Puertorriqueña / Oficina de Revistas
923 ## -
-- 20040713
-- 93001903
942 ## - ELEMENTOS DE ENTRADA SECUNDARIOS (KOHA)
Fuente del sistema de clasificación o colocación Clasificación de Library of Congress
Tipo de ítem Koha
994 ## -
-- C0
-- DRFGD
946 ## - PROCESAMIENTO DE INFORMACIÓN LOCAL (OCLC)
a nc
Holdings
Estatus retirado Estado de pérdida Fuente del sistema de clasificación o colocación Estado de daño No para préstamo Colección Biblioteca de origen Biblioteca actual Ubicación en estantería Fecha de adquisición Serial enumeration / chronology Signatura topográfica completa Código de barras Visto por última vez Copia número Tipo de ítem Koha
    Clasificación de Library of Congress     Recursos Regionales Biblioteca Juan Bosch Biblioteca Juan Bosch Recursos Regionales (2do. Piso) 10/04/2023 1 117 F 1973 M896r 2003 00000072447 23/10/2018 1